Piłkarska kariera Davida Trezegueta. - Statystyki

Ogólne statystyki
  • Ten quiz został rozwiązany 51 razy
  • Średni wynik to 2 z 8
Statystyki odpowiedzi
Lata Drużyna % Poprawnych
2000-2010 Juventus
98%
1995-2000 Monaco
50%
2012-2013 River Plate
15%
2010-2011 Hercules
13%
2013-2014 Newell's Old Boys
6%
2011-2012 Baniyas
4%
2014-2015 Pune City
4%
1994-1995 Platense
2%
Nie znaleziono quizów pasujących do podanych kryteriów
Rozkład punktacji
Procent ludzi z każdym wynikiem
Percentyl według liczby udzielonych odpowiedzi
Twoja historia wyników
Nie rozwiązałeś tego quizu